| 000 | 00616nam a2200205 i 4500 | ||
|---|---|---|---|
| 001 | 22395 | ||
| 003 | ES-MaACL | ||
| 005 | 20250630225024.0 | ||
| 007 | t| | ||
| 008 | 021202s1968 sp ||||1| spa d | ||
| 100 | 1 |
_aAldred, Cyril. _919647 |
|
| 245 | 1 | 4 |
_aLos egipcios / _cCyril Aldred ; prólogo de Luis Pericot ; [traducción de Rosa Portell]. |
| 250 | _a[1ª ed.]. | ||
| 260 |
_a[Barcelona] : _bAymá, _c[1968] |
||
| 300 |
_a199 p. ; _c21 cm. |
||
| 700 | 1 |
_aPericot, Luis, _d1899-1978 _991262 |
|
| 700 | 1 |
_aPortell, Rosa. _993216 |
|
| 852 |
_aES-MaACL _jC-35242 _bR.68336 |
||
| 999 |
_c22395 _d22395 |
||